| 000 | 00823nam a2200253Ia 4500 | ||
|---|---|---|---|
| 003 | OSt | ||
| 005 | 20220918171441.0 | ||
| 006 | a|||||r|||| 00| 0 | ||
| 007 | ta | ||
| 008 | 220917b |||||||| |||| 00| 0 eng d | ||
| 020 |
_a9781786436320 _cUKP 60.00 |
||
| 024 | _a355,106 | ||
| 037 |
_b14476, 14/12/2021, Elite Publishers Distributors _cTextual |
||
| 040 |
_aARTS _cARTS _beng |
||
| 041 |
_2eng _aeng |
||
| 082 | _aX:95:(S:52), Q7 | ||
| 100 |
_aLindebaum Dirk Au. _936636 |
||
| 245 | 0 | _aEmancipation through emotion regualation at work | |
| 260 |
_aCheltenham _bEdward Elgar UK _c2017 |
||
| 300 |
_axiii,133p. _ccm. |
||
| 650 |
_aECONOMICS; EMOTIONS _936637 |
||
| 942 |
_hX:95:(S:52), Q7 _cTEXL _2CC |
||
| 999 |
_c139608 _d139608 |
||